000 00446nam a2200157 i 4500
001 37451
003 ES-MaACL
005 20230906155558.0
007 t|
008 030221s1923 sp ||||1| spa d
100 1 _aBuen, Sadi de.
_932356
245 1 3 _aLa campaña profilactea contra el paludismo en la provincia de Cáceres
_b: (1922) /
_cSadi de Buen.
260 _aMadrid :
_b[s.n.],
_c1923.
300 _a55 p.
852 _aES-MaACL
_j1660-F-11
999 _c37451
_d37451